Normal view MARC view

Entry Topical Term

Number of records used in: 1

001 - CONTROL NUMBER

  • control field: 4671

003 - CONTROL NUMBER IDENTIFIER

  • control field: OSt

005 - DATE AND TIME OF LATEST TRANSACTION

  • control field: 20150518154805.0

008 - FIXED-LENGTH DATA ELEMENTS

  • fixed length control field: 150518|| aca||aabn | a|a d

040 ## - CATALOGING SOURCE

  • Original cataloging agency: OSt
  • Transcribing agency: OSt

150 ## - HEADING--TOPICAL TERM

  • Topical term or geographic name entry element: Glaucoma.

670 ## - SOURCE DATA FOUND

  • Source citation: Work cat.: (OSt)1777: Shields, M. Bruce. 4670, Textbook of glaucoma /, c2000.